| 000 -LEADER |
| fixed length control field |
01666 a2200241 4500 |
| 003 - CONTROL NUMBER IDENTIFIER |
| control field |
Nust |
| 005 - DATE AND TIME OF LATEST TRANSACTION |
| control field |
20221229123641.0 |
| 010 ## - LIBRARY OF CONGRESS CONTROL NUMBER |
| LC control number |
94002520 |
| 020 ## - INTERNATIONAL STANDARD BOOK NUMBER |
| International Standard Book Number |
0521453895 |
| 040 ## - CATALOGING SOURCE |
| Transcribing agency |
Nust |
| 082 00 - DEWEY DECIMAL CLASSIFICATION NUMBER |
| Classification number |
355.02,MAK |
| 245 04 - TITLE STATEMENT |
| Title |
The Making of strategy : |
| Remainder of title |
rulers, states, and war / |
| Statement of responsibility, etc. |
edited by Williamson Murray, MacGregor Knox, Alvin Bernstein. |
| 260 ## - PUBLICATION, DISTRIBUTION, ETC. |
| Place of publication, distribution, etc. |
Cambridge, England ; |
| -- |
New York : |
| Name of publisher, distributor, etc. |
Cambridge University Press, |
| Date of publication, distribution, etc. |
1994. |
| 300 ## - PHYSICAL DESCRIPTION |
| Extent |
xiv, 680 p. : |
| Other physical details |
ill. ; |
| Dimensions |
24 cm. |
| 505 ## - FORMATTED CONTENTS NOTE |
| Formatted contents note |
Introduction on Strategy (Page-1), Athenian strategy in the Peloponnesian War (Page-24), The Strategy Of The warrior State (Page-56), Chinese strategy from the fourteenth to the seventeenth centuries (Page-85), The Making of strategy in Hbsburg Spain (Page-115), The Orgians of global Strategy (Page-151), A quest for Glossary (Page-178), To The Edge of Greatness (Page- 205), Strategic Uncertainties of a Nation (Page-242), The Weary Titan (Page-278), The Strategy of the Decisive Weight (Page-307), The road to Ideological War (Page-352), The Collapse of Empire (Page-393), The Strategy of Innocence (Page-428), The Illusion of Security (Page-466), Strategy for Class War (Page-498), The Evolution of Israeli Strategy (Page-534), Strategy in the Nuclear Age (Page-579), Conclusion (Page-614). |
| 650 #0 - SUBJECT ADDED ENTRY--TOPICAL TERM |
| Topical term or geographic name entry element |
Strategy |
| General subdivision |
Case studies. |
| 9 (RLIN) |
48765 |
| 700 1# - ADDED ENTRY--PERSONAL NAME |
| Personal name |
Bernstein, Alvin H. |
| 9 (RLIN) |
48766 |
| 700 1# - ADDED ENTRY--PERSONAL NAME |
| Personal name |
Knox, MacGregor. |
| 9 (RLIN) |
48767 |
| 700 1# - ADDED ENTRY--PERSONAL NAME |
| Personal name |
Murray, Williamson. |
| 856 42 - ELECTRONIC LOCATION AND ACCESS |
| Materials specified |
Publisher description |
| Uniform Resource Identifier |
<a href="http://www.loc.gov/catdir/description/cam026/94002520.html">http://www.loc.gov/catdir/description/cam026/94002520.html</a> |
| 856 42 - ELECTRONIC LOCATION AND ACCESS |
| Materials specified |
Table of contents |
| Uniform Resource Identifier |
<a href="http://www.loc.gov/catdir/toc/cam025/94002520.html">http://www.loc.gov/catdir/toc/cam025/94002520.html</a> |
| 942 ## - ADDED ENTRY ELEMENTS (KOHA) |
| Source of classification or shelving scheme |
|
| Koha item type |
Book |
| Call number prefix |
355.02,MAK |